Finančná analýza vybraného poľnohospodárskeho podniku bakalárska práca

Saved in:
Bibliographic Details
Main Author: Sochorová, Eva
Corporate Author: Obchodná fakulta EU. Katedra služieb a cestovného ruchu - zrušené
Other Authors: Strážovská, Helena
Format: Book
Language:Slovak
Published: Bratislava 2016
Tags: Add Tag
No Tags, Be the first to tag this record!

MARC

LEADER 00000nbm a2200000 4500
001 0218885
005 20170126132911.8
041 0 |a slo 
044 |a SK 
245 1 0 |a Finančná analýza vybraného poľnohospodárskeho podniku  |b bakalárska práca  |c Eva Sochorová ; školiteľ: Helena Strážovská 
264 1 |a Bratislava  |c 2016 
300 |a 62 s. 
100 1 |a Sochorová, Eva 
700 1 |a Strážovská, Helena 
710 2 |a Obchodná fakulta EU. Katedra služieb a cestovného ruchu - zrušené